New Engineering Mathematics (Record no. 136269)

MARC details
000 -LEADER
fixed length control field 00343nam a2200133Ia 4500
008 - FIXED-LENGTH DATA ELEMENTS--GENERAL INFORMATION
fixed length control field 230917s9999||||xx |||||||||||||| ||und||
040 ## - CATALOGING SOURCE
-- 112681
Original cataloging agency VIVEKANANDA LIBRARY
041 ## - Language
-- English
082 ## - DDC NUMBER
Classification number 510.2462 C361N
100 ## - MAIN ENTRY--PERSONAL NAME
Personal name Chandra Babu
245 #0 - TITLE STATEMENT
Title New Engineering Mathematics
260 ## - PUBLICATION, DISTRIBUTION, ETC. (IMPRINT)
Place of publication, distribution, etc New Delhi
Name of publisher, distributor, etc Narisa Publishing House
Date of publication, distribution, etc 2006
942 ## - ADDED ENTRY ELEMENTS (KOHA)
Koha item type Books
Holdings
Withdrawn status Lost status Damaged status Not for loan Location (home branch) Sublocation or collection (holding branch) Shelving location Date acquired Koha issues (times borrowed) Koha full call number Accession No. Koha date last seen Koha item type
        VIVEKANANDA LIBRARY VIVEKANANDA LIBRARY UIET Library 03/01/2007 2 510.2462 C361N 237119 21/08/2025 Books
        VIVEKANANDA LIBRARY VIVEKANANDA LIBRARY UIET Library 03/01/2007 8 510.2462 C361N 237120 03/06/2025 Books
        VIVEKANANDA LIBRARY VIVEKANANDA LIBRARY UIET Library 03/01/2007   510.2462 C361N 237121 17/09/2023 Books
        VIVEKANANDA LIBRARY VIVEKANANDA LIBRARY UIET Library 03/01/2007 1 510.2462 C361N 237122 17/06/2025 Books
        VIVEKANANDA LIBRARY VIVEKANANDA LIBRARY UIET Library 03/01/2007 3 510.2462 C361N 237123 03/03/2025 Books
        VIVEKANANDA LIBRARY VIVEKANANDA LIBRARY UIET Library 03/01/2007 6 510.2462 C361N 237124 20/11/2025 Books
        VIVEKANANDA LIBRARY VIVEKANANDA LIBRARY UIET Library 03/01/2007 2 510.2462 C361N 237125 16/05/2025 Books
        VIVEKANANDA LIBRARY VIVEKANANDA LIBRARY UIET Library 03/01/2007 4 510.2462 C361N 237126 26/11/2025 Books
        VIVEKANANDA LIBRARY VIVEKANANDA LIBRARY UIET Library 03/01/2007 2 510.2462 C361N 237127 23/04/2026 Books
        VIVEKANANDA LIBRARY VIVEKANANDA LIBRARY UIET Library 03/01/2007 4 510.2462 C361N 237128 10/03/2026 Books
© Designed and Maintained by Vivekananda Library, MDU Rohtak